000 00269nam a22001337a 4500
999 _c153991
_d153991
082 _a
_b
100 _a
245 _aKing's english/
260 _aThiruvananthapuram:
_bAddone publishers,
_c2015.
300 _a1048p.
600 _a
650 _a
942 _cBK